000
00299nam a2200109 4500
999
_c
196902
_d
196902
008
230808b ||||| |||| 00| 0 eng d
022
_a
2633-9447
245
_a
Indian journal of clinical medicine
260
_a
New Delhi
_b
Sage Publication
_c
2023
300
_a
vol.12
_c
28cm
942
_2
ddc
_c
SR
_m
MED
_s
1